000 00762nam a2200193 a 4500
001 000029596
005 20200930055650.0
008 110415s1996 dr 000 0 spa d
040 _aDO-SdBNP
_bspa
_cBNPHU
082 _axxx
_bC3978a
110 2 _aCentro Nacional de Investigaciones en Salud Materno Infantil
_955757
245 1 0 _aMortalidad infantil intradomiciliaria por ira en una región de salud de la República Dominicana /
_ceditor Marcos Espinal.
260 _aSanto Domingo :
_bCENISMI,
_c1996.
300 _avi, 26 p. ;
_c28 cm.
490 1 _aInvestigaciones en salud
_apublicaciones técnicas
_v5
504 _aBibliografía : p. 14-15
700 1 _aEspinal, Marcos
_eed
_955763
830 0 _aInvestigación clínicas
_ppublicaciones técnicas
_v5
_956421
999 _c29088
_d29088